Memoriál Romana Zelenaya

Podrobná bibliografia
Médium: Článok
Jazyk:Slovak
Témy:
Zdroj: 1. Slovenská republika 1. Roč. 6, č. 124(1998), dát. 0601, s. 1
LEADER 00711nab#a2200265#ar4500
001 000041913
003 SVKKK
005 00000000000000.0
008 c xo e sloo
FMT
038 |a SVKKK 
040 |a SVKKK  |b slo  |e AACR2 
041 0 |a slo 
044 |a xo  |c SK 
080 |a 796.422.1  |2 1981 
245 0 0 |a Memoriál Romana Zelenaya 
650 0 4 |a beh cezpoľný  |z Memoriál Romana Zelenaya (beh cepoľný), Sninské rybníky (SV)  |x roč. 4.  |x výsledky  |x informácie 
773 0 |t Slovenská republika  |g Roč. 6, č. 124(1998), dát. 0601, s. 1 
957 |a Sninské rybníky 
958 |a SV 
974 |d 981207  |a Šá 
992 |a RBX 
BAS
852 |a SVKKK  |b BIB 
998 |a REG